NORMAS Y PROCEDIMIENTOS DE AUDITORIA Y NORMAS PARA ATESTIGUAR : (Registro nro. 51644)
[ vista simple ]
| 000 -LEADER | |
|---|---|
| fixed length control field | 00934nam a2200181 a 4500 |
| 001 - CONTROL NUMBER | |
| control field | 51644 |
| 005 - DATE AND TIME OF LATEST TRANSACTION | |
| control field | 20180714041156.0 |
| 008 - FIXED-LENGTH DATA ELEMENTS--GENERAL INFORMATION | |
| fixed length control field | 140415s2005 mx 000 0 spa d |
| 020 ## - INTERNATIONAL STANDARD BOOK NUMBER | |
| International Standard Book Number | 9706652000 |
| 041 ## - LANGUAGE CODE | |
| Language code of text/sound track or separate title | spa |
| 082 ## - DEWEY DECIMAL CLASSIFICATION NUMBER | |
| Classification number | 657.45 |
| Item number | NOR |
| 245 00 - TITLE STATEMENT | |
| Title | NORMAS Y PROCEDIMIENTOS DE AUDITORIA Y NORMAS PARA ATESTIGUAR : |
| Remainder of title | VERSION ESTUDIANTIL |
| 250 ## - EDITION STATEMENT | |
| Edition statement | 25ed. |
| 260 ## - PUBLICATION, DISTRIBUTION, ETC. | |
| Place of publication, distribution, etc. | MEXICO : |
| Name of publisher, distributor, etc. | INSTITUTO MEXICANO DE CONTADORES PUBLICOS, |
| Date of publication, distribution, etc. | 2005 |
| 300 ## - PHYSICAL DESCRIPTION | |
| Extent | 303 |
| Dimensions | 10 x 2.9 x 16.8 |
| 520 ## - SUMMARY, ETC. | |
| Summary, etc. | DÍA CON DÍA LA SOCIEDAD DEMANDA DE MEJORES PROFESIONALES, QUE ESTEN CONSCIENTES DE LA IMPORTANCIA DE MANEJAR LA INFORMACIÓN FINANCIERA DE FORMA RESPONSABLE Y OBJETIVA. EN ESTE CONTEXTO RESULATA IMPRESCINDIBLE ACERCAR A LOS ESTUDIANTES A TEXTOS ACCESIBLES EN MATERIA NORMATIVA Y A LOS DOCUMENTOS EMITIDOS POR EL IMCP, QUE LES AYUDEN A FORMAR LOS CONOCIEMIENTOS DE UNA EDUCACIÓN CONTABLE RESPONSABLE. |
| 650 14 - SUBJECT ADDED ENTRY--TOPICAL TERM | |
| Topical term or geographic name entry element | CONTABILIDAD |
| Withdrawn status | Lost status | Source of classification or shelving scheme | Damaged status | Not for loan | Collection code | Home library | Current library | Shelving location | Date acquired | Source of acquisition | Inventory number | Total Checkouts | Full call number | Barcode | Date last seen | Price effective from | Koha item type |
|---|---|---|---|---|---|---|---|---|---|---|---|---|---|---|---|---|---|
| Dewey Decimal Classification | General | Biblioteca Karol Wojtyla | Biblioteca Karol Wojtyla | Sala general | 03/12/2013 | Compra | 151000000000000000021145 | 657.45 NOR | 76903 | 05/01/2026 | 03/12/2013 | Libro |